[Event "Geneve Bois Gentil op"]
[Site "Geneve"]
[Date "2020.01.17"]
[Round "2"]
[White "Rincon, Jose Maria"]
[Black "Klyucharev, Alexander"]
[Result "1-0"]
[WhiteElo "1901"]
[BlackElo "1745"]
[PlyCount "51"]
[EventDate "2020.01.10"]
[EventType "swiss"]
[EventRounds "7"]
[EventCountry "SUI"]
[SourceTitle "CBM 195 Extra"]
[Source "ChessBase"]
[SourceDate "2020.05.31"]
[SourceVersion "1"]
[SourceVersionDate "2020.05.31"]
[SourceQuality "1"]

1. e4 c5 2. Nf3 e6 3. c4 Nc6 4. Nc3 a6 5. d4 cxd4 6. Nxd4 Qc7 7. Be2 Nf6 8. 0-0 Nxd4 9. Qxd4 Bc5 10. Qd3 0-0 11. Kh1 Be7 12. Bg5 d6 13. Rac1 b6 14. f4 Rd8 15. Qg3 Ne8 16. e5 Bb7 17. f5 exf5 18. Nd5 Bxd5 19. cxd5 Qd7 20. e6 fxe6 21. dxe6 Qa7 22. Rxf5 Rac8 23. Rcf1 Rc5 24. Rf7 Rxg5 25. Qxg5 Bxg5 26. Rf8# 1-0

[Event "Bois Gentil op"]
[Site "Geneve"]
[Date "2016.03.11"]
[Round "7"]
[White "Sharaf, Amr"]
[Black "Rincon, Jose Maria"]
[Result "0-1"]
[WhiteElo "1590"]
[BlackElo "1900"]
[PlyCount "86"]
[EventDate "2016.01.15"]
[EventType "swiss"]
[EventRounds "7"]
[EventCountry "SUI"]
[SourceTitle "EXT 2017"]
[Source "ChessBase"]
[SourceDate "2016.10.25"]
[SourceVersion "1"]
[SourceVersionDate "2016.10.25"]
[SourceQuality "1"]

1. e4 Nf6 2. Nc3 e5 3. Nf3 Nc6 4. Bb5 d6 5. 0-0 Be7 6. d4 exd4 7. Nxd4 Bd7 8. Nxc6 bxc6 9. Bd3 h6 10. h3 0-0 11. f4 Qb8 12. Rb1 Qb6+ 13. Kh1 Rae8 14. Rf3 Bc8 15. Be3 Qa5 16. f5 Bd8 17. Rg3 Qe5 18. Qf3 Nh5 19. Rg4 Bxf5 20. Bxh6 Bxg4 21. Qxg4 Re6 22. Be3 Rg6 23. Qf3 Rg3 24. Qf2 Bh4 25. Qg1 Rg6 26. Ne2 c5 27. c4 Re8 28. Rf1 Qxb2 29. g4 Qa3 30. Bb1 Qb2 31. Qh2 Qxe2 32. Qxe2 Ng3+ 33. Kg2 Nxe2 34. e5 Rxe5 35. Kf3 Rf6+ 36. Bf5 Nd4+ 37. Bxd4 cxd4 38. Kg2 g6 39. Bd3 Rxf1 40. Kxf1 Re3 41. Be2 d3 42. Bxd3 Rxd3 43. Ke2 Ra3 0-1

[Event "Bois Gentil op"]
[Site "Geneve"]
[Date "2016.01.22"]
[Round "2"]
[White "Delmonico, Nils"]
[Black "Rincon, Jose Maria"]
[Result "1/2-1/2"]
[WhiteElo "1930"]
[BlackElo "1900"]
[PlyCount "109"]
[EventDate "2016.01.15"]
[EventType "swiss"]
[EventRounds "7"]
[EventCountry "SUI"]
[SourceTitle "EXT 2017"]
[Source "ChessBase"]
[SourceDate "2016.10.25"]
[SourceVersion "1"]
[SourceVersionDate "2016.10.25"]
[SourceQuality "1"]

1. c4 c5 2. g3 Nc6 3. Bg2 Nf6 4. Nc3 g6 5. e4 Bg7 6. Nge2 e5 7. d3 d6 8. 0-0 h5 9. Bg5 Qd7 10. Nd5 Nxd5 11. cxd5 Ne7 12. Qd2 f6 13. Be3 h4 14. b4 b6 15. a4 hxg3 16. fxg3 Qg4 17. Rf2 Bd7 18. a5 0-0 19. Rb1 Rab8 20. Rff1 g5 21. Rb2 Rfc8 22. Rc1 Qh5 23. bxc5 bxc5 24. Rcb1 Qe8 25. Nc3 a6 26. Rb6 f5 27. Bxg5 Ng6 28. Bf3 Nh8 29. Rxd6 Nf7 30. Bh5 f4 31. Rdb6 Rxb6 32. Rxb6 Nxg5 33. Bxe8 Nf3+ 34. Kf2 Nxd2 35. Bxd7 fxg3+ 36. hxg3 Rf8+ 37. Bf5 c4 38. d6 Rd8 39. d7 cxd3 40. Rd6 Nc4 41. Rxd3 Nxa5 42. Nd5 Bf8 43. Rc3 Nb7 44. Rc6 a5 45. Ke2 Nc5 46. Rc8 Nb7 47. Nc7 Kf7 48. g4 Be7 49. Be6+ Kf6 50. Bd5 Nc5 51. Ba2 Rxd7 52. Nd5+ Kg5 53. Nxe7 Rxe7 54. Rxc5 Kxg4 55. Bd5 1/2-1/2

[Event "Bois Gentil op"]
[Site "Geneve"]
[Date "2016.01.15"]
[Round "1"]
[White "Rincon, Jose Maria"]
[Black "Haensler, Andreas"]
[Result "1-0"]
[WhiteElo "1900"]
[BlackElo "1455"]
[PlyCount "43"]
[EventDate "2016.01.15"]
[EventType "swiss"]
[EventRounds "7"]
[EventCountry "SUI"]
[SourceTitle "EXT 2017"]
[Source "ChessBase"]
[SourceDate "2016.10.25"]
[SourceVersion "1"]
[SourceVersionDate "2016.10.25"]
[SourceQuality "1"]

1. e4 e6 2. Nc3 a6 3. f4 Be7 4. Nf3 d6 5. Bc4 b5 6. Bb3 Bb7 7. a3 Nf6 8. d3 c5 9. 0-0 Nbd7 10. Qe2 0-0 11. h3 Rc8 12. Be3 c4 13. dxc4 Nh5 14. Kh2 bxc4 15. Bxc4 d5 16. exd5 exd5 17. Bxd5 Bd6 18. Nd4 Rxc3 19. Bxb7 Rxe3 20. Qxe3 Re8 21. Nc6 Qf6 22. Qxe8+ 1-0